00553nam a2200157 a 4500008004100000020001800041050001600059100002200075245012100097260005200218300002200270650002600292650001900318650003400337650002400371130829s2010 ||||||||||||||||| || u a9780470393338 aHG 4026 McC aMcCrary, Stuart A10aMastering corporate finance essentials: the critical quantitative methods and tools in financecby Stuart A. McCrary aHoboken, New Jersey:bJohn Wiley and Sonsc2010 axiii, 174p.: ill. aCORPORATIONS--FINANCE aCAPITAL BUDGET aBUSINESS ENTERPRISES--FINANCE aCAPITAL INVESTMENTS